000 00897nam a22002537a 4500
003 0
005 20251009141017.0
008 251009b xxu||||| |||| 00| 0 eng d
020 _a978-1-032-61634-6
050 _aBF 697.5.E27
_b.S65 2025
100 _aSplane, Emily Crews,
_eauthor.
245 _aPsychology of eating :
_bfrom Biology to culture to policy /
_cEmily Crews Splane, Neil E. Rowland, and Anaya Mitra.
250 _aThird edition.
260 _aNew York, NY :
_bRoutledge,
_c2025.
300 _axi, 241 pages :
_billustrations ;
_c26 cm.
504 _aIncludes bibliographical references and index.
650 _aEating
_xPsychological aspects.
650 _aFood habits
_xPsychological aspects.
650 _aAppetite
_xPsychological aspects.
650 _aFood
_xSocial aspects.
700 _aRowland, Neil E.,
_eauthor.
700 _aMitra, Anaya,
_eauthor.
942 _2lcc
_cBK
999 _c368205
_d368205